ENCYCLOPAEDIA 2005 (Record no. 228701)

MARC details
000 -LEADER
fixed length control field 00317pam a2200145 a 4500
020 ## - INTERNATIONAL STANDARD BOOK NUMBER
Terms of availability
041 ## - LANGUAGE CODE
Language code of original
100 ## - MAIN ENTRY--PERSONAL NAME
Personal name PHILIPS
Relator term Author
245 ## - TITLE STATEMENT
Title ENCYCLOPAEDIA 2005
Statement of responsibility, etc. PHILIPS
Medium Textual Documents
260 ## - PUBLICATION, DISTRIBUTION, ETC.
Place of publication, distribution, etc. london
Name of publisher, distributor, etc. Octopus Pub
300 ## - PHYSICAL DESCRIPTION
Extent 908
653 ## - INDEX TERM--UNCONTROLLED
Uncontrolled term Management
700 ## - ADDED ENTRY--PERSONAL NAME
Relator term Co-Author
930 ## - EQUIVALENCE OR CROSS-REFERENCE-UNIFORM TITLE HEADING [LOCAL, CANADA]
Uniform title 1300
Holdings
Withdrawn status Lost status Damaged status Not for loan Collection Home library Current library Date acquired Source of acquisition Cost, normal purchase price Total Checkouts Full call number Barcode Date last seen Copy number Price effective from Koha item type
          Institute of Hotel Management & Catering Technology, Pune Institute of Hotel Management & Catering Technology, Pune 30/03/2011 Bharati Madhyavarti Grahak Bhandar Ltd,Pune 267.00   HMP-D-3971 07/03/2023 1 07/03/2023 Book